000 01056nam a2200265Ia 4500
003 OSt
005 20221005112052.0
006 a|||||r|||| 00| 0
007 ta
008 221004b |||||||| |||| 00| 0 hin d
020 _a8188289426 (hbk)
024 _a104044
037 _cTextual
040 _aCRL
_cCRL
_bhin
041 _2hin
_ahin
082 _aQ31:211:g(R4), Q1
100 _aत्रिपाठी, राकेशमणि
245 0 _aजैन आगमों और उपनिषदों की आचार मीमांसा
246 _aJain āgamoan aur upaniṣhadoan kī āchār mīmāansā
260 _aसागर
_bविश्वविद्यालय प्रकाशन भारत
_c2011
300 _a360पृ0
_ccm.
700 _a तातेड़, सोहन राज, संपा.
942 _hQ31:211:g(R4), Q1
_cTEXL
_2cc
999 _c1023734
_d1023734